000 00445nam a2200181Ia 4500
005 20240823034517.0
008 240823s9999||||xx |||||||||||||| ||und||
041 _aENGLISH
082 _A005.133 N4 BAS
100 _aAhamad Alisha
245 0 _aProgramming GW-BASIC
250 _a1st
260 _c1994
_b"BPB,New Delhi"
500 _aTransfered
650 _aProgramming Language
_bComputer Applications
942 _cBK
999 _c198430
_d198430